<?xml version="1.0" encoding="UTF-8"?>
<record
    xmlns:xsi="http://www.w3.org/2001/XMLSchema-instance"
    xsi:schemaLocation="http://www.loc.gov/MARC21/slim http://www.loc.gov/standards/marcxml/schema/MARC21slim.xsd"
    xmlns="http://www.loc.gov/MARC21/slim">

  <leader>04704nam a22002297a 4500</leader>
  <controlfield tag="003">OSt</controlfield>
  <controlfield tag="005">20250915090348.0</controlfield>
  <controlfield tag="008">250915b        |||||||| |||| 00| 0 eng d</controlfield>
  <datafield tag="020" ind1=" " ind2=" ">
    <subfield code="a">9788412033489</subfield>
  </datafield>
  <datafield tag="040" ind1=" " ind2=" ">
    <subfield code="c">tbs</subfield>
  </datafield>
  <datafield tag="100" ind1=" " ind2=" ">
    <subfield code="a">P&#xE9;rez, Isabel</subfield>
    <subfield code="9">25865</subfield>
  </datafield>
  <datafield tag="245" ind1=" " ind2=" ">
    <subfield code="a">Cheesecakes</subfield>
    <subfield code="c">/ Isabel P&#xE9;rez, Mart&#xED;n de Arriba</subfield>
  </datafield>
  <datafield tag="260" ind1=" " ind2=" ">
    <subfield code="a">Col and Col, </subfield>
    <subfield code="b">[M&#xE1;laga], </subfield>
    <subfield code="c">2021</subfield>
  </datafield>
  <datafield tag="300" ind1=" " ind2=" ">
    <subfield code="a">228 pages, pictures (color) 26 cm</subfield>
  </datafield>
  <datafield tag="490" ind1=" " ind2=" ">
    <subfield code="a">Cocina de autor</subfield>
    <subfield code="v">7</subfield>
  </datafield>
  <datafield tag="520" ind1=" " ind2=" ">
    <subfield code="a">Tras casi nueve a&#xF1;os y cientos de alumnos de todas partes del mundo, ha llegado la hora de trasladar al papel todos los secretos de las cheesecakes de Aliter Dulcia. Un trabajo de dos a&#xF1;os materializado en m&#xE1;s de 80 recetas y una edici&#xF3;n de lujo.

Las cheesecakes son el buque insignia de Aliter Dulcia. Esas tartas que adornan sus expositores a diario y que movilizan a&#xF1;o tras a&#xF1;o a fan&#xE1;ticos de todas partes atra&#xED;dos por su alta calidad y multitud de combinaciones, sabores y decoraciones.

A lo largo de estas p&#xE1;ginas revisaremos un amplio n&#xFA;mero de variedades l&#xE1;cteas con sus caracter&#xED;sticas y modo de empleo en las distintas recetas de tartas de queso o cheesecakes que nos ofrece el libro. Disfrutareis del proceso de la elaboraci&#xF3;n de quesos sencillos con vuestras propias manos y de su aplicaci&#xF3;n en los postres m&#xE1;s celebrados que hay&#xE1;is tenido ocasi&#xF3;n de presentar en vuestras mesas.

Pero son esas tartas, las grandes deseadas, las que brillan con luz propia en el libro: las cheesecakes de Aliter Dulcia. Las tartas de arroz con leche, de Kinder, de chocolate blanco, de turr&#xF3;n o con frutas, realizadas con bases artesanas de hojaldre, galleta, masas livianas o chocolateadas. Todas esas preparaciones reunidas en un libro que se presenta como una suerte de biblia de las cheesecakes; el manual definitivo con el que disfrutareis de ese postre que levanta pasiones y que no puede faltar en la carta de cualquier restaurante.

Adem&#xE1;s, haremos un amplio recorrido por las tradiciones reposteras mundiales para ofrecer un variado n&#xFA;mero de recetas cl&#xE1;sicas, las mejores representantes del acervo gastron&#xF3;mico de multitud de pa&#xED;ses: el Presnac croata, la Banitsa b&#xFA;lgara o el excepcional Lviv syrnyk ucraniano deliciosamente cubierto de chocolate.

Con este libro rendimos homenaje a este postre incombustible que naci&#xF3; en la griega isla de Samos para despu&#xE9;s adaptarse a las costumbres culinarias de miles de golosos a lo largo de los siglos y que a&#xFA;n hoy contin&#xFA;a encabezando, imbatible, todos los ranking de las tartas m&#xE1;s deseadas, queridas y admiradas.</subfield>
  </datafield>
  <datafield tag="520" ind1=" " ind2=" ">
    <subfield code="a">After nearly nine years and hundreds of students from all over the world, the time has finally come to put into writing all the secrets behind Aliter Dulcia&#x2019;s cheesecakes. Two years of dedicated work have been distilled into more than 80 recipes, presented in a beautifully produced edition.

Cheesecakes are Aliter Dulcia&#x2019;s flagship creation &#x2014; the cakes that fill its counters every day and draw in fans year after year, thanks to their exceptional quality and endless variety of flavours, styles and decorations.

Within these pages, you&#x2019;ll find a wide selection of dairy-based ingredients, with guidance on their characteristics and how to use them in the different cheesecake recipes featured in the book. You&#x2019;ll also learn how to make simple cheeses by hand and discover how to use them in some of the most celebrated desserts ever to grace a table.

But it is, of course, the cheesecakes themselves &#x2014; the most coveted of all &#x2014; that truly take centre stage here: Aliter Dulcia&#x2019;s signature creations. From rice pudding, Kinder and white chocolate to nougat and fruit cheesecakes, crafted with bases of puff pastry, biscuit, light sponges or rich chocolate. All of these come together in what is nothing short of a cheesecake bible &#x2014; the definitive guide for enjoying a dessert that inspires such passion and deserves a place on any restaurant menu.

The book also takes you on a journey through global baking traditions, offering a diverse collection of classic recipes that represent the culinary heritage of many countries: Croatia&#x2019;s Presnac, Bulgaria&#x2019;s Banitsa or Ukraine&#x2019;s exquisite Lviv syrnyk, deliciously topped with chocolate.

With this book we pay homage to a timeless dessert &#x2014; one that first appeared on the Greek island of Samos, adapted over the centuries to the tastes of sweet-toothed enthusiasts across the world, and which continues, even today, to reign supreme in every ranking of the most loved, admired and sought-after cakes.</subfield>
  </datafield>
  <datafield tag="650" ind1=" " ind2="0">
    <subfield code="a">Cakes</subfield>
    <subfield code="v">Recipes</subfield>
    <subfield code="9">25867</subfield>
  </datafield>
  <datafield tag="653" ind1=" " ind2=" ">
    <subfield code="a">Cheesecakes</subfield>
  </datafield>
  <datafield tag="700" ind1=" " ind2=" ">
    <subfield code="a">Arriba, Mart&#xED;n de</subfield>
    <subfield code="9">25866</subfield>
    <subfield code="e">Photographer</subfield>
  </datafield>
  <datafield tag="942" ind1=" " ind2=" ">
    <subfield code="2">lcc</subfield>
  </datafield>
  <datafield tag="952" ind1=" " ind2=" ">
    <subfield code="0">0</subfield>
    <subfield code="1">0</subfield>
    <subfield code="2">lcc</subfield>
    <subfield code="4">0</subfield>
    <subfield code="7">0</subfield>
    <subfield code="a">TBS</subfield>
    <subfield code="b">TBS</subfield>
    <subfield code="d">2025-09-15</subfield>
    <subfield code="l">0</subfield>
    <subfield code="o">TX773 PER</subfield>
    <subfield code="p">B05755</subfield>
    <subfield code="r">2025-09-15</subfield>
    <subfield code="t">1</subfield>
    <subfield code="w">2025-09-15</subfield>
    <subfield code="y">1</subfield>
  </datafield>
  <datafield tag="999" ind1=" " ind2=" ">
    <subfield code="c">4935</subfield>
    <subfield code="d">4935</subfield>
  </datafield>
</record>
